| 000 | 00418nam a2200157 a 4500 | ||
|---|---|---|---|
| 005 | 20140412111327.0 | ||
| 008 | 101230s19uu xx 00 eng d | ||
| 020 | _a981-4101-12-5 | ||
| 050 |
_aTR(GS 372.72 _bC47 2002 |
||
| 100 | _aChum, Esther | ||
| 245 |
_aEssential skills maths: K2 book B/ _cEsther Chum. |
||
| 260 |
_aSingapore : _bPostkid.com, _c2002. |
||
| 300 | _a48p. | ||
| 440 | _aPostkid | ||
| 999 |
_c104740 _d104740 |
||